Department for Communities and Local Government, planning for homes (Record no. 109087)

MARC details
000 -LEADER
fixed length control field 01928cad a22002655a 4500
001 - CONTROL NUMBER
control field L146255
008 - FIXED-LENGTH DATA ELEMENTS--GENERAL INFORMATION
fixed length control field 081219e20081217xxkabd f s a000 0 eng d
020 ## - INTERNATIONAL STANDARD BOOK NUMBER
International Standard Book Number 9780102954470
035 ## - SYSTEM CONTROL NUMBER
System control number (Sirsi) u146255
041 0# - LANGUAGE CODE
Language code of text/sound track or separate title eng
050 04 - LIBRARY OF CONGRESS CALL NUMBER
Classification number 711.1 $2 18
110 2# - MAIN ENTRY--CORPORATE NAME
Corporate name or jurisdiction name as entry element United Kingdom
Subordinate unit National Audit Office
9 (RLIN) 1350
245 00 - TITLE STATEMENT
Title Department for Communities and Local Government, planning for homes
Remainder of title speeding up planning applications for major housing developments in England
Medium [electronic resource]
260 ## - PUBLICATION, DISTRIBUTION, ETC.
Place of publication, distribution, etc. London
Name of publisher, distributor, etc. Stationary Office
Date of publication, distribution, etc. 2008
490 #0 - SERIES STATEMENT
Series statement HC
Volume/sequential designation 15
505 2# - FORMATTED CONTENTS NOTE
Formatted contents note Introduction -- The impact of the Department's targets -- The impact of the Department's initiatives -- Appendices: an overview of the planning system; recent history of the planning system; methodology; results from the examination of a sample of applications; results of survey of local planning authorities -- Glossary
520 ## - SUMMARY, ETC.
Summary, etc. Report looks at how long it takes for authorities to grant planning applications for major residential projects, reviewing case studies of over 100 such applications approved during 2006-07 by eleven authorities. Reviews the planning process for these projects, makes comment on the relative value for money found in the planning process and offers further suggestions to support the policy aim of accelerating the growth of residential housing stocks.
521 ## - TARGET AUDIENCE NOTE
Target audience note Advanced
590 ## - LOCAL NOTE (RLIN)
Local note KA NTK
651 #4 - SUBJECT ADDED ENTRY--GEOGRAPHIC NAME
Geographic name England and Wales
Chronological subdivision 1543-
690 ## - LOCAL SUBJECT ADDED ENTRY--TOPICAL TERM (OCLC, RLIN)
Topical term or geographic name as entry element ENVIRONMENTAL AND LAND CONSULTANCY-PLANNING AND DEVELOPMENT-DEVELOPMENT CONTROL
856 40 - ELECTRONIC LOCATION AND ACCESS
Uniform Resource Identifier <a href="https://www.nao.org.uk/idoc.ashx?docId=067fa027-52ac-4fd6-9e5d-28d61a7747c0&version=-1">https://www.nao.org.uk/idoc.ashx?docId=067fa027-52ac-4fd6-9e5d-28d61a7747c0&version=-1</a>
Public note View the full report free of charge at the www.nao.org.uk website.
856 40 - ELECTRONIC LOCATION AND ACCESS
Uniform Resource Identifier <a href="https://www.nao.org.uk/idoc.ashx?docId=067fa027-52ac-4fd6-9e5d-28d61a7747c0&version=-1">https://www.nao.org.uk/idoc.ashx?docId=067fa027-52ac-4fd6-9e5d-28d61a7747c0&version=-1</a>
Public note View the executive summary of the report, free of charge at the www.nao.org.uk website.
942 ## - ADDED ENTRY ELEMENTS (KOHA)
Suppress in OPAC 0
Holdings
Withdrawn status Lost status Source of classification or shelving scheme Damaged status Not for loan Home library Current library Shelving location Date acquired Total Checkouts Full call number Barcode Date last seen Copy number Price effective from Koha item type
    Dewey Decimal Classification     Virtual Virtual Online 19/12/2008   ONLINE PUBLICATION 146255-1001 06/08/2019 1 06/08/2019 Book